| 000 | 00693nam a22001577a 4500 | ||
|---|---|---|---|
| 003 | SGT | ||
| 020 | _a9788121929783 | ||
| 082 | _a541, BAH | ||
| 100 | _aBAHL, ARUN | ||
| 245 | _aESSENTIALS OF PHYSICAL CHEMISTRY | ||
| 260 |
_aNEW DELHI _bS.CHAND _c2014 |
||
| 300 | _a1262 | ||
| 650 | _aPHYSICAL CHEMISTRY | ||
| 653 | _aStructure Of Atom-Classical Mechanics, Structure Of Atom-Wave Mechanical Approach, Isotopes, Isobars And Isotones, Nuclear Chemistry, Chemical Bonding-Lewis Theory, Chemical Bonding-Orbit Concept, First Law Of Thermodynamics, Thermochemistry, Second Law Of Thermodynamics.....Photochemistry, Si Units, Mathematical Concepts, Introduction To Computers | ||
| 942 |
_2ddc _cFPS |
||
| 999 |
_c9290 _d9290 |
||